[Event "Russian Blitz Championship (m)"]
[Site "Sochi"]
[Date "2022.10.14"]
[Round "12.14"]
[White "Demidov, Mikhail"]
[Black "Lugovskoy, Maxim"]
[Result "1-0"]
[BlackElo "2394"]
[WhiteElo "2520"]
[LiveChessVersion "1.4.8"]

1. d4 {[%clk 0:03:03]} d5 {[%clk 0:03:03]} 2. Nf3 {[%clk 0:03:03]} Nf6
{[%clk 0:03:04]} 3. Bf4 {[%clk 0:03:04]} g6 {[%clk 0:03:04]} 4. h3
{[%clk 0:03:05]} Bg7 {[%clk 0:03:05]} 5. e3 {[%clk 0:03:06]} O-O {[%clk 0:03:06]}
6. Be2 {[%clk 0:03:07]} b6 {[%clk 0:03:07]} 7. O-O {[%clk 0:03:07]} Bb7
{[%clk 0:03:08]} 8. a4 {[%clk 0:03:06]} a5 {[%clk 0:03:08]} 9. Nbd2
{[%clk 0:02:55]} Nbd7 {[%clk 0:03:09]} 10. c3 {[%clk 0:02:53]} c5
{[%clk 0:03:10]} 11. Qb3 {[%clk 0:02:51]} Re8 {[%clk 0:03:02]} 12. Rfd1
{[%clk 0:02:51]} Qc8 {[%clk 0:02:40]} 13. Ne5 {[%clk 0:02:48]} Nxe5
{[%clk 0:02:29]} 14. Bxe5 {[%clk 0:02:47]} Qe6 {[%clk 0:09:17]} 15. Bxf6
{[%clk 0:02:32]} c4 {[%clk 0:02:08]} 16. Qc2 {[%clk 0:02:04]} exf6
{[%clk 0:02:08]} 17. b3 {[%clk 0:02:05]} cxb3 {[%clk 0:02:07]} 18. Qxb3
{[%clk 0:02:06]} f5 {[%clk 0:02:06]} 19. Bf3 {[%clk 0:01:58]} Bc6
{[%clk 0:02:06]} 20. c4 {[%clk 0:01:53]} dxc4 {[%clk 0:02:02]} 21. Qxc4
{[%clk 0:01:54]} Bxf3 22. Qxe6 {[%clk 0:01:54]} Rxe6 {[%clk 0:01:20]} 23. Nxf3
{[%clk 0:01:44]} Rc8 {[%clk 0:01:19]} 24. Ra2 {[%clk 0:01:32]} h6
{[%clk 0:01:16]} 25. Rb1 Rc4 26. g3 {[%clk 0:01:27]} g5 {[%clk 0:01:16]} 27. Rb3
{[%clk 0:01:14]} f4 {[%clk 0:01:09]} 28. gxf4 {[%clk 0:00:47]} gxf4
{[%clk 0:01:10]} 29. Rd3 {[%clk 0:00:39]} Rc1+ {[%clk 0:01:04]} 30. Kh2
{[%clk 0:00:35]} Bf8 {[%clk 0:00:57]} 31. d5 {[%clk 0:00:27]} Re8
{[%clk 0:00:14]} 32. exf4 {[%clk 0:00:17]} Bd6 {[%clk 0:00:15]} 33. Ne5
{[%clk 0:00:16]} f6 {[%clk 0:00:07]} 34. Nd7 {[%clk 0:00:11]} Bxf4+
{[%clk 0:00:07]} 35. Kg2 {[%clk 0:00:12]} Kf7 {[%clk 0:00:07]} 36. Rb2
{[%clk 0:00:07]} Bc7 {[%clk 0:00:05]} 37. d6 {[%clk 0:00:08]} Bd8
{[%clk 0:00:06]} 38. Nxb6 {[%clk 0:00:08]} Rg8+ {[%clk 0:00:04]} 39. Kf3
{[%clk 0:00:09]} Rh1 {[%clk 0:00:05]} 40. Ke2 {[%clk 0:00:09]} Re8+
{[%clk 0:00:06]} 41. Kd2 {[%clk 0:00:09]} Rf1 {[%clk 0:00:06]} 42. Rf3
{[%clk 0:00:08]} Re5 {[%clk 0:00:06]} 43. Nc4 {[%clk 0:00:09]} Rd5+
{[%clk 0:00:08]} 44. Ke2 {[%clk 0:00:09]} Rdd1 {[%clk 0:00:08]} 45. Rfb3 Rde1+
{[%clk 0:00:05]} 46. Kf3 {[%clk 0:00:09]} Rh1 {[%clk 0:00:06]} 47. Kg2 Reg1+ 48.
Kf3 {[%clk 0:00:10]} Rxh3+ {[%clk 0:00:08]} 49. Ke2 {[%clk 0:00:10]} Rhh1
{[%clk 0:00:09]} 50. Rb8 {[%clk 0:00:08]} Rc1 {[%clk 0:00:04]} 51. Ne3
{[%clk 0:00:06]} Ke8 {[%clk 0:00:04]} 52. R2b7 {[%clk 0:00:07]} Rhe1+
{[%clk 0:00:03]} 53. Kf3 {[%clk 0:00:08]} Rc6 {[%clk 0:00:04]} 54. Re7+
{[%clk 0:00:08]} 1-0

[Event "Russian Blitz Championship (m)"]
[Site "Sochi"]
[Date "2022.10.14"]
[Round "12.15"]
[White "Shomoev, Anton"]
[Black "Dragomarezkij, Evgeni"]
[Result "0-1"]
[BlackElo "2283"]
[WhiteElo "2499"]
[LiveChessVersion "1.4.8"]

1. e4 {[%clk 0:03:02]} c5 {[%clk 0:03:04]} 2. Nf3 {[%clk 0:03:02]} e6
{[%clk 0:03:05]} 3. d4 {[%clk 0:03:04]} cxd4 {[%clk 0:03:05]} 4. Nxd4
{[%clk 0:03:05]} a6 {[%clk 0:03:06]} 5. Nc3 {[%clk 0:03:05]} Qc7 {[%clk 0:03:08]}
6. Qd3 {[%clk 0:03:06]} Nf6 {[%clk 0:03:02]} 7. Qg3 {[%clk 0:03:07]} Qxg3
{[%clk 0:02:50]} 8. hxg3 {[%clk 0:03:07]} Bb4 {[%clk 0:02:47]} 9. f3
{[%clk 0:03:07]} d5 {[%clk 0:02:46]} 10. e5 {[%clk 0:03:08]} Nfd7
{[%clk 0:02:44]} 11. f4 {[%clk 0:03:09]} Nc6 {[%clk 0:02:44]} 12. Be3
{[%clk 0:03:10]} Nxd4 {[%clk 0:02:34]} 13. Bxd4 {[%clk 0:03:11]} Nb8
{[%clk 0:02:33]} 14. a3 {[%clk 0:02:53]} Be7 {[%clk 0:02:21]} 15. Bd3
{[%clk 0:02:49]} Nc6 {[%clk 0:02:22]} 16. Bb6 {[%clk 0:02:49]} h6
{[%clk 0:01:50]} 17. g4 {[%clk 0:02:46]} f6 {[%clk 0:01:28]} 18. exf6
{[%clk 0:02:40]} Bxf6 {[%clk 0:01:29]} 19. g5 {[%clk 0:02:38]} Bd8
{[%clk 0:01:26]} 20. Bxd8 {[%clk 0:02:27]} Kxd8 {[%clk 0:01:25]} 21. gxh6
{[%clk 0:02:20]} gxh6 {[%clk 0:01:16]} 22. O-O-O {[%clk 0:02:16]} Kc7
{[%clk 0:01:12]} 23. Rh2 {[%clk 0:01:35]} Bd7 {[%clk 0:01:12]} 24. Rdh1
{[%clk 0:01:36]} Rhg8 {[%clk 0:00:58]} 25. Bf1 {[%clk 0:01:30]} Raf8
{[%clk 0:00:58]} 26. Ne2 {[%clk 0:01:30]} e5 {[%clk 0:00:53]} 27. fxe5
{[%clk 0:01:30]} Nxe5 {[%clk 0:00:53]} 28. Nc3 {[%clk 0:00:50]} Bc6
{[%clk 0:00:40]} 29. Rxh6 {[%clk 0:00:48]} d4 {[%clk 0:00:41]} 30. Rh7+
{[%clk 0:00:40]} Kb6 {[%clk 0:00:39]} 31. Ne2 {[%clk 0:00:39]} d3
{[%clk 0:00:35]} 32. cxd3 {[%clk 0:00:17]} Bxg2 {[%clk 0:00:27]} 33. Bxg2
{[%clk 0:00:16]} Rxg2 {[%clk 0:00:27]} 34. Kd2 {[%clk 0:00:09]} Rff2
{[%clk 0:00:27]} 35. R1h6+ {[%clk 0:00:04]} Ka7 {[%clk 0:00:25]} 36. Re6
{[%clk 0:00:04]} Rxe2+ {[%clk 0:00:24]} 37. Kc3 {[%clk 0:00:05]} Rc2+
{[%clk 0:00:22]} 38. Kd4 {[%clk 0:00:06]} Nc6+ {[%clk 0:00:21]} 39. Kd5
{[%clk 0:00:06]} Rg5+ {[%clk 0:00:20]} 40. Kd6 {[%clk 0:00:07]} Rb5
{[%clk 0:00:16]} 41. b4 {[%clk 0:00:08]} Rc3 {[%clk 0:00:16]} 42. d4
{[%clk 0:00:07]} Nxd4 {[%clk 0:00:16]} 43. Re8 {[%clk 0:00:08]} Rb6+
{[%clk 0:00:16]} 44. Kd5 {[%clk 0:00:09]} Nb5 {[%clk 0:00:15]} 45. Rg8
{[%clk 0:00:09]} Rd6+ {[%clk 0:00:15]} 46. Ke5 {[%clk 0:00:10]} Re3+
{[%clk 0:00:16]} 47. Kf4 {[%clk 0:00:12]} Rxa3 {[%clk 0:00:16]} 48. Rhh8
{[%clk 0:00:13]} Ra4 {[%clk 0:00:16]} 49. Ra8+ {[%clk 0:00:12]} Kb6
{[%clk 0:00:18]} 50. Rac8 {[%clk 0:00:13]} Rxb4+ {[%clk 0:00:19]} 51. Ke3
{[%clk 0:00:15]} Rc6 {[%clk 0:00:19]} 52. Rcf8 {[%clk 0:00:15]} Rc3+
{[%clk 0:00:20]} 53. Kd2 {[%clk 0:00:16]} Rg3 {[%clk 0:00:21]} 54. Rf6+
{[%clk 0:00:16]} Ka5 {[%clk 0:00:23]} 55. Rh1 {[%clk 0:00:14]} Rb2+
{[%clk 0:00:24]} 56. Kc1 {[%clk 0:00:16]} Ra2 {[%clk 0:00:24]} 57. Rhf1
{[%clk 0:00:15]} Rgg2 {[%clk 0:00:23]} 58. R6f3 {[%clk 0:00:15]} Ra1#
{[%clk 0:00:23]} 0-1

[Event "Russian Blitz Championship (m)"]
[Site "Sochi"]
[Date "2022.10.14"]
[Round "12.16"]
[White "Vastrukhin, Oleg"]
[Black "Drygalov, Andrey"]
[Result "0-1"]
[BlackElo "2498"]
[WhiteElo "2345"]
[LiveChessVersion "1.4.8"]

1. Nf3 {[%clk 0:03:03]} d5 {[%clk 0:03:03]} 2. g3 {[%clk 0:03:04]} g6
{[%clk 0:03:05]} 3. Bg2 {[%clk 0:03:04]} Bg7 {[%clk 0:03:06]} 4. c4
{[%clk 0:03:05]} c6 {[%clk 0:03:04]} 5. cxd5 cxd5 {[%clk 0:03:05]} 6. d4
{[%clk 0:03:05]} Nc6 {[%clk 0:03:05]} 7. O-O {[%clk 0:03:05]} Nf6
{[%clk 0:03:06]} 8. Nc3 {[%clk 0:03:06]} O-O {[%clk 0:03:07]} 9. Bf4
{[%clk 0:03:07]} Ne4 {[%clk 0:03:05]} 10. Rc1 {[%clk 0:03:08]} Nxc3
{[%clk 0:02:31]} 11. bxc3 {[%clk 0:03:09]} Bf5 {[%clk 0:02:16]} 12. Re1
{[%clk 0:03:09]} Be4 {[%clk 0:02:11]} 13. h4 {[%clk 0:03:09]} Qb6
{[%clk 0:02:08]} 14. h5 {[%clk 0:03:04]} Rac8 {[%clk 0:02:08]} 15. Bh3
{[%clk 0:02:59]} e6 {[%clk 0:01:51]} 16. Nd2 {[%clk 0:02:58]} Rcd8
{[%clk 0:01:27]} 17. h6 {[%clk 0:02:46]} Bf6 {[%clk 0:01:27]} 18. Nxe4
{[%clk 0:02:14]} dxe4 {[%clk 0:01:28]} 19. Qc2 {[%clk 0:02:15]} Qa5
{[%clk 0:01:12]} 20. Qxe4 {[%clk 0:02:13]} Qxa2 {[%clk 0:01:11]} 21. e3
{[%clk 0:02:02]} Rfe8 {[%clk 0:01:08]} 22. Qf3 {[%clk 0:01:37]} Be7
{[%clk 0:00:53]} 23. e4 {[%clk 0:01:32]} Bf8 {[%clk 0:00:36]} 24. Bg5
{[%clk 0:01:30]} Rd6 {[%clk 0:00:30]} 25. Bg2 {[%clk 0:01:22]} Qa5
{[%clk 0:00:23]} 26. Qg4 {[%clk 0:01:01]} e5 {[%clk 0:00:19]} 27. d5
{[%clk 0:01:01]} Ne7 {[%clk 0:00:15]} 28. f4 {[%clk 0:00:54]} exf4
{[%clk 0:00:08]} 29. Bxf4 {[%clk 0:00:53]} Rdd8 {[%clk 0:00:09]} 30. c4
{[%clk 0:00:52]} b6 {[%clk 0:00:09]} 31. Bg5 {[%clk 0:00:37]} Qc5+
{[%clk 0:00:05]} 32. Kh2 {[%clk 0:00:37]} Rc8 {[%clk 0:00:04]} 33. Rf1
{[%clk 0:00:37]} Qd6 {[%clk 0:00:04]} 34. Bf4 {[%clk 0:00:32]} Qd8
{[%clk 0:00:04]} 35. Bg5 {[%clk 0:00:22]} Qd6 {[%clk 0:00:06]} 36. Bf6
{[%clk 0:00:22]} Qa3 {[%clk 0:00:05]} 37. e5 {[%clk 0:00:21]} Qe3
{[%clk 0:00:04]} 38. e6 {[%clk 0:00:15]} Qxh6+ {[%clk 0:00:05]} 39. Bh3
{[%clk 0:00:14]} Nf5 {[%clk 0:00:05]} 40. Rxf5 {[%clk 0:00:04]} Qd2+
{[%clk 0:00:06]} 41. Rf2 {[%clk 0:00:03]} Qxf2+ 42. Kh1 Qxf6 {[%clk 0:00:07]} 43.
Rf1 {[%clk 0:00:05]} Qxf1+ 44. Bxf1 {[%clk 0:00:06]} fxe6 {[%clk 0:00:07]} 45.
Qe4 {[%clk 0:00:06]} exd5 {[%clk 0:00:07]} 46. Qxd5+ {[%clk 0:00:07]} Kh8
{[%clk 0:00:08]} 47. Bh3 {[%clk 0:00:07]} Rcd8 {[%clk 0:00:10]} 48. Qb7
{[%clk 0:00:05]} Rd2 {[%clk 0:00:10]} 49. Qf7 {[%clk 0:00:04]} Re1+
{[%clk 0:00:07]} 50. Bf1 {[%clk 0:00:05]} Bg7 {[%clk 0:00:08]} 51. Qf4
{[%clk 0:00:03]} Rd8 {[%clk 0:00:08]} 52. Kg2 {[%clk 0:00:04]} Rf8
{[%clk 0:00:07]} 53. Qc7 {[%clk 0:00:03]} Rexf1 {[%clk 0:00:07]} 54. Qxa7
{[%clk 0:00:04]} Bd4 {[%clk 0:00:08]} 55. Qe7 {[%clk 0:00:03]} R1f2+
{[%clk 0:00:07]} 56. Kh3 {[%clk 0:00:04]} R2f7 {[%clk 0:00:07]} 57. Qd6
{[%clk 0:00:05]} Bc5 {[%clk 0:00:08]} 58. Qe5+ {[%clk 0:00:06]} Kg8
{[%clk 0:00:09]} 59. Kg4 {[%clk 0:00:07]} Rf5 {[%clk 0:00:09]} 60. Qe6+
{[%clk 0:00:08]} Kg7 {[%clk 0:00:10]} 61. Qd7+ {[%clk 0:00:07]} R8f7
{[%clk 0:00:12]} 62. Qd3 {[%clk 0:00:07]} h5+ {[%clk 0:00:13]} 63. Kh3
{[%clk 0:00:08]} Rf3 {[%clk 0:00:14]} 64. Qd2 {[%clk 0:00:08]} Re3
{[%clk 0:00:13]} 65. Qb2+ {[%clk 0:00:08]} Kh7 {[%clk 0:00:13]} 66. Qd2
{[%clk 0:00:07]} Rff3 {[%clk 0:00:11]} 0-1

[Event "Russian Blitz Championship (m)"]
[Site "Sochi"]
[Date "2022.10.14"]
[Round "12.17"]
[White "Vlasenko, Miroslav"]
[Black "Moiseenko, Vadim"]
[Result "1/2-1/2"]
[BlackElo "2492"]
[WhiteElo "2319"]
[LiveChessVersion "1.4.8"]

1. d4 {[%clk 0:03:03]} Nf6 {[%clk 0:03:03]} 2. Bg5 {[%clk 0:03:05]} b6
{[%clk 0:03:02]} 3. Bxf6 {[%clk 0:03:04]} gxf6 {[%clk 0:03:02]} 4. Nf3
{[%clk 0:03:02]} Bb7 {[%clk 0:03:03]} 5. Nbd2 {[%clk 0:02:58]} f5
{[%clk 0:03:03]} 6. g3 {[%clk 0:02:54]} e6 {[%clk 0:03:02]} 7. Bg2
{[%clk 0:02:55]} c5 {[%clk 0:02:56]} 8. c3 {[%clk 0:02:50]} Nc6 {[%clk 0:02:47]}
9. O-O {[%clk 0:02:42]} cxd4 {[%clk 0:02:41]} 10. Nxd4 {[%clk 0:02:30]} Bg7
{[%clk 0:02:33]} 11. Nxc6 {[%clk 0:02:27]} dxc6 {[%clk 0:02:26]} 12. e4
{[%clk 0:02:09]} f4 {[%clk 0:01:48]} 13. Qg4 {[%clk 0:01:51]} Qf6
{[%clk 0:01:30]} 14. Nc4 {[%clk 0:01:39]} h5 {[%clk 0:01:01]} 15. Qf3
{[%clk 0:01:24]} fxg3 {[%clk 0:00:37]} 16. Nd6+ {[%clk 0:01:07]} Ke7
{[%clk 0:00:37]} 17. Qxf6+ {[%clk 0:00:43]} Bxf6 {[%clk 0:00:38]} 18. e5
{[%clk 0:00:33]} Bxe5 {[%clk 0:00:19]} 19. Nxb7 {[%clk 0:00:34]} gxh2+
{[%clk 0:00:15]} 20. Kh1 {[%clk 0:00:35]} Rac8 {[%clk 0:00:16]} 21. f4
{[%clk 0:00:32]} Bb8 {[%clk 0:00:17]} 22. Rad1 {[%clk 0:00:28]} f5
{[%clk 0:00:08]} 23. b4 {[%clk 0:00:20]} Rhg8 {[%clk 0:00:09]} 24. a4
{[%clk 0:00:18]} Rg4 {[%clk 0:00:08]} 25. b5 {[%clk 0:00:17]} cxb5
{[%clk 0:00:07]} 26. axb5 {[%clk 0:00:18]} Rxf4 {[%clk 0:00:08]} 27. Rxf4
{[%clk 0:00:19]} Bxf4 {[%clk 0:00:09]} 28. Bc6 {[%clk 0:00:18]} Rc7
{[%clk 0:00:05]} 29. Kg2 {[%clk 0:00:16]} h4 {[%clk 0:00:06]} 30. c4
{[%clk 0:00:15]} Bg3 {[%clk 0:00:06]} 31. Nd8 {[%clk 0:00:14]} f4
{[%clk 0:00:06]} 32. Nb7 {[%clk 0:00:13]} e5 {[%clk 0:00:04]} 33. Nd6
{[%clk 0:00:13]} Ke6 {[%clk 0:00:04]} 34. Ne4 {[%clk 0:00:14]} Kf5
{[%clk 0:00:05]} 35. Kf3 {[%clk 0:00:13]} Rg7 {[%clk 0:00:05]} 36. Rh1
{[%clk 0:00:10]} Rg8 {[%clk 0:00:05]} 37. Bd7+ {[%clk 0:00:10]} Kg6
{[%clk 0:00:06]} 38. Rd1 {[%clk 0:00:10]} Rd8 {[%clk 0:00:07]} 39. Kg2
{[%clk 0:00:11]} Kg7 {[%clk 0:00:05]} 40. Ng5 {[%clk 0:00:11]} Kf6
{[%clk 0:00:05]} 41. Nf3 {[%clk 0:00:08]} e4 {[%clk 0:00:04]} 42. Nxh2
{[%clk 0:00:09]} Ke7 {[%clk 0:00:04]} 43. Bg4 {[%clk 0:00:09]} f3+
{[%clk 0:00:05]} 44. Nxf3 {[%clk 0:00:10]} Rxd1 {[%clk 0:00:06]} 45. Nxh4
{[%clk 0:00:10]} Bxh4 {[%clk 0:00:05]} 46. Bxd1 {[%clk 0:00:12]} Kd6
{[%clk 0:00:06]} 47. Be2 {[%clk 0:00:12]} Kc5 {[%clk 0:00:08]} 48. Kh3
{[%clk 0:00:10]} Bg5 {[%clk 0:00:08]} 49. Kg4 {[%clk 0:00:11]} Bc1
{[%clk 0:00:08]} 50. Kf5 {[%clk 0:00:09]} Kd4 {[%clk 0:00:09]} 51. Bf1
{[%clk 0:00:07]} Ba3 {[%clk 0:00:10]} 52. Kf4 {[%clk 0:00:07]} Bd6+
{[%clk 0:00:11]} 53. Kf5 {[%clk 0:00:08]} Bc7 {[%clk 0:00:08]} 54. Be2
{[%clk 0:00:05]} Ke3 {[%clk 0:00:10]} 55. Bd1 {[%clk 0:00:03]} Kd2
{[%clk 0:00:09]} 1/2-1/2

[Event "Russian Blitz Championship (m)"]
[Site "Sochi"]
[Date "2022.10.14"]
[Round "12.18"]
[White "Gontcharov, Vladislav"]
[Black "Khripachenko, Alexander"]
[Result "1-0"]
[BlackElo "2201"]
[WhiteElo "2488"]
[LiveChessVersion "1.4.8"]

1. Nf3 {[%clk 0:03:02]} d5 {[%clk 0:03:03]} 2. c4 {[%clk 0:03:03]} e6
{[%clk 0:03:03]} 3. g3 {[%clk 0:03:01]} Nf6 {[%clk 0:03:04]} 4. Bg2
{[%clk 0:03:02]} Be7 {[%clk 0:03:03]} 5. O-O {[%clk 0:03:00]} O-O
{[%clk 0:03:04]} 6. b3 {[%clk 0:03:00]} c5 {[%clk 0:03:02]} 7. cxd5
{[%clk 0:02:58]} exd5 {[%clk 0:03:01]} 8. d4 {[%clk 0:02:55]} Nc6
{[%clk 0:03:02]} 9. Bb2 {[%clk 0:02:55]} Re8 {[%clk 0:02:58]} 10. dxc5
{[%clk 0:02:45]} Bxc5 {[%clk 0:02:57]} 11. Nc3 {[%clk 0:02:43]} a6
{[%clk 0:02:51]} 12. Rc1 {[%clk 0:02:43]} Ba7 {[%clk 0:02:52]} 13. Na4
{[%clk 0:02:36]} Ne4 {[%clk 0:02:51]} 14. Nd4 {[%clk 0:02:31]} Bd7
{[%clk 0:02:43]} 15. e3 {[%clk 0:02:08]} Ne5 {[%clk 0:02:38]} 16. Nc3
{[%clk 0:02:00]} Bg4 {[%clk 0:02:22]} 17. f3 {[%clk 0:01:49]} Nxc3
{[%clk 0:02:22]} 18. Bxc3 {[%clk 0:01:49]} Bd7 {[%clk 0:02:13]} 19. Qd2
{[%clk 0:01:48]} Qe7 {[%clk 0:01:48]} 20. Rfe1 {[%clk 0:01:47]} Qd6
{[%clk 0:01:40]} 21. Bb4 {[%clk 0:01:42]} Qf6 {[%clk 0:01:38]} 22. Bc5
{[%clk 0:01:35]} Bxc5 {[%clk 0:01:36]} 23. Rxc5 {[%clk 0:01:36]} Qd6
{[%clk 0:01:36]} 24. Rec1 {[%clk 0:01:33]} Rac8 {[%clk 0:01:17]} 25. Rxc8
{[%clk 0:01:20]} Bxc8 {[%clk 0:01:17]} 26. h3 {[%clk 0:01:11]} Bd7
{[%clk 0:01:09]} 27. f4 {[%clk 0:01:08]} Ng6 {[%clk 0:00:58]} 28. Kf2
{[%clk 0:01:03]} Ne7 {[%clk 0:00:54]} 29. Qa5 {[%clk 0:00:51]} Nc6
{[%clk 0:00:50]} 30. Qxd5 {[%clk 0:00:50]} Qe7 {[%clk 0:00:40]} 31. Re1
{[%clk 0:00:21]} Nb4 {[%clk 0:00:35]} 32. Qc4 {[%clk 0:00:11]} b5
{[%clk 0:00:36]} 33. Qe2 {[%clk 0:00:09]} Qc5 {[%clk 0:00:37]} 34. a3
{[%clk 0:00:08]} Nd5 {[%clk 0:00:34]} 35. Qc2 {[%clk 0:00:06]} Qd6
{[%clk 0:00:32]} 36. Bxd5 {[%clk 0:00:06]} Qxd5 {[%clk 0:00:33]} 37. Rc1
{[%clk 0:00:06]} Bxh3 {[%clk 0:00:32]} 38. Nf3 {[%clk 0:00:04]} Be6
{[%clk 0:00:26]} 39. Qc6 {[%clk 0:00:05]} Qxc6 {[%clk 0:00:18]} 40. Rxc6
{[%clk 0:00:06]} a5 {[%clk 0:00:19]} 41. Rb6 {[%clk 0:00:06]} a4 {[%clk 0:00:09]}
42. bxa4 {[%clk 0:00:07]} bxa4 {[%clk 0:00:10]} 43. Nd4 {[%clk 0:00:08]} Bd7
{[%clk 0:00:07]} 44. Rd6 {[%clk 0:00:08]} Bg4 {[%clk 0:00:08]} 45. Ra6
{[%clk 0:00:09]} Rb8 {[%clk 0:00:09]} 46. Rxa4 {[%clk 0:00:08]} Rb2+
{[%clk 0:00:10]} 47. Ke1 {[%clk 0:00:09]} h5 {[%clk 0:00:11]} 48. Rb4
{[%clk 0:00:08]} Ra2 {[%clk 0:00:13]} 49. a4 {[%clk 0:00:09]} Bd7
{[%clk 0:00:08]} 50. Nb5 {[%clk 0:00:10]} Bg4 {[%clk 0:00:09]} 51. Nc3
{[%clk 0:00:11]} Ra1+ {[%clk 0:00:09]} 52. Kd2 {[%clk 0:00:12]} Rg1
{[%clk 0:00:10]} 53. a5 {[%clk 0:00:14]} Rxg3 {[%clk 0:00:09]} 54. a6
{[%clk 0:00:14]} Rg2+ {[%clk 0:00:10]} 55. Kd3 {[%clk 0:00:14]} Bf3
{[%clk 0:00:08]} 56. e4 {[%clk 0:00:13]} Rg3 {[%clk 0:00:04]} 57. Kd4
{[%clk 0:00:15]} Rg6 58. a7 1-0

[Event "Russian Blitz Championship (m)"]
[Site "Sochi"]
[Date "2022.10.14"]
[Round "12.19"]
[White "Baigildin, Albert"]
[Black "Rozum, Ivan"]
[Result "1/2-1/2"]
[BlackElo "2428"]
[WhiteElo "2258"]
[LiveChessVersion "1.4.8"]

1. e4 {[%clk 0:03:03]} c5 {[%clk 0:03:03]} 2. Nf3 {[%clk 0:03:03]} d6
{[%clk 0:03:04]} 3. d4 {[%clk 0:03:04]} cxd4 {[%clk 0:03:05]} 4. Nxd4
{[%clk 0:03:05]} Nf6 {[%clk 0:03:05]} 5. Nc3 {[%clk 0:03:06]} a6 {[%clk 0:03:06]}
6. Bg5 {[%clk 0:03:07]} e6 {[%clk 0:03:07]} 7. f4 {[%clk 0:03:08]} Be7
{[%clk 0:03:08]} 8. Qf3 {[%clk 0:03:09]} Qc7 {[%clk 0:03:08]} 9. O-O-O
{[%clk 0:03:08]} Nbd7 {[%clk 0:03:09]} 10. g4 {[%clk 0:03:09]} b5
{[%clk 0:03:09]} 11. Bxf6 {[%clk 0:03:10]} Nxf6 {[%clk 0:03:10]} 12. g5
{[%clk 0:03:11]} Nd7 {[%clk 0:03:10]} 13. f5 {[%clk 0:03:12]} O-O
{[%clk 0:03:02]} 14. f6 {[%clk 0:03:12]} gxf6 {[%clk 0:02:59]} 15. gxf6
{[%clk 0:03:12]} Nxf6 {[%clk 0:02:59]} 16. e5 {[%clk 0:02:55]} dxe5
{[%clk 0:02:54]} 17. Nc6 {[%clk 0:01:56]} Bb7 {[%clk 0:02:50]} 18. Nxe7+
{[%clk 0:01:15]} Qxe7 {[%clk 0:02:50]} 19. Rg1+ {[%clk 0:01:16]} Kh8
{[%clk 0:02:50]} 20. Qe3 {[%clk 0:01:16]} e4 {[%clk 0:02:37]} 21. Bg2
{[%clk 0:00:43]} Ng4 {[%clk 0:02:24]} 22. Qf4 {[%clk 0:00:44]} f5
{[%clk 0:02:23]} 23. Bxe4 {[%clk 0:00:40]} e5 {[%clk 0:02:13]} 24. Qg3
{[%clk 0:00:31]} Bxe4 {[%clk 0:01:24]} 25. Nxe4 {[%clk 0:00:32]} Rad8
{[%clk 0:01:23]} 26. h3 {[%clk 0:00:28]} Rxd1+ 27. Rxd1 {[%clk 0:00:29]} Nf6
{[%clk 0:01:16]} 28. Nd6 {[%clk 0:00:21]} f4 {[%clk 0:01:14]} 29. Qf3
{[%clk 0:00:16]} Qe6 30. Ne4 {[%clk 0:00:15]} Nxe4 {[%clk 0:01:03]} 31. Qxe4 f3
{[%clk 0:01:03]} 32. Rf1 {[%clk 0:00:16]} f2 33. Qe3 Qf5 {[%clk 0:00:58]} 34. Kd2
{[%clk 0:00:10]} e4 {[%clk 0:00:51]} 35. Ke2 {[%clk 0:00:09]} Qh5+
{[%clk 0:00:51]} 36. Kd2 {[%clk 0:00:09]} Rd8+ {[%clk 0:00:51]} 37. Kc1
{[%clk 0:00:10]} Rf8 38. Rxf2 {[%clk 0:00:10]} Rxf2 {[%clk 0:00:16]} 39. Qxf2
{[%clk 0:00:12]} Qg5+ {[%clk 0:00:15]} 40. Kd1 {[%clk 0:00:14]} Qd5+
{[%clk 0:00:16]} 41. Ke1 {[%clk 0:00:14]} Kg7 {[%clk 0:00:16]} 42. a3
{[%clk 0:00:14]} Qe5 {[%clk 0:00:14]} 43. b3 {[%clk 0:00:14]} Qc3+
{[%clk 0:00:14]} 44. Qd2 {[%clk 0:00:15]} Qg3+ {[%clk 0:00:15]} 45. Qf2
{[%clk 0:00:16]} Qc3+ {[%clk 0:00:12]} 46. Qd2 {[%clk 0:00:16]} Qe5
{[%clk 0:00:13]} 47. Qe3 {[%clk 0:00:17]} Kg6 {[%clk 0:00:14]} 48. Kf2
{[%clk 0:00:18]} Qh2+ {[%clk 0:00:14]} 49. Kf1 {[%clk 0:00:18]} Qe5
{[%clk 0:00:14]} 50. Kg2 {[%clk 0:00:19]} Kf5 {[%clk 0:00:14]} 51. a4 bxa4
{[%clk 0:00:10]} 52. bxa4 {[%clk 0:00:21]} Qd6 {[%clk 0:00:12]} 53. Qf2+
{[%clk 0:00:21]} Qc6 {[%clk 0:00:13]} 54. a5+ {[%clk 0:00:22]} Ke6
{[%clk 0:00:13]} 55. Qe2 {[%clk 0:00:22]} Qc3 {[%clk 0:00:13]} 56. Qxa6+
{[%clk 0:00:23]} Kd5 {[%clk 0:00:14]} 57. Kg3 Qxc2 {[%clk 0:00:10]} 58. Kf2
{[%clk 0:00:23]} Qc3 {[%clk 0:00:10]} 59. Kf3 {[%clk 0:00:24]} e3
{[%clk 0:00:05]} 60. Qe2 {[%clk 0:00:25]} Qxa5 {[%clk 0:00:03]} 61. Qxe3
{[%clk 0:00:27]} Qb4 1/2-1/2